|
|
|
|
| LEADER |
00732ntm a2200181 i 4500 |
| 001 |
misc46842 |
| 005 |
20200512132446.0 |
| 008 |
200512s1909 hu o 0|| hun d |
| 040 |
|
|
|a SZTE Miscellanea Repozitórium
|b hun
|
| 041 |
|
|
|a hun
|
| 100 |
1 |
|
|a Andrássy Gyula
|
| 245 |
1 |
0 |
|a "Kérdőív a cigányokról". Andrássy Gyula magyar királyi belügyminiszter körrendelete Joanovich Sándor támogatásáról.
|h [elektronikus dokumentum] /
|c Andrássy Gyula
|
| 260 |
|
|
|c 1909-02-01
|
| 300 |
|
|
|a 8
|
| 561 |
|
|
|a Herrmann Antal hagyaték
|
| 695 |
|
|
|a cigányügy, kérdőív a cigányokról, körrendelet
|
| 700 |
0 |
1 |
|a Joanovich Sándor
|
| 856 |
4 |
0 |
|u http://misc.bibl.u-szeged.hu/46842/1/hermann_antal_ms_1934_004_egyeb_079.pdf
|z Dokumentum-elérés
|